| 000 | 00692nac a22002051u 4500 | ||
|---|---|---|---|
| 010 | _a 78018546 | ||
| 020 | _a0070387826 | ||
| 082 | 0 | 0 |
_a658.787 _bLOV |
| 090 |
_c9066 _d9066 |
||
| 100 | _aLove, Stephen F. | ||
| 245 | 1 | 0 |
_aInventory control / _cStephen F. Love. |
| 260 |
_aNew York : _bMcGraw-Hill,1979 _cc1979. |
||
| 300 |
_ax, 273 p. : _bill. ; _c24 cm. |
||
| 490 | 0 | _aMcGraw-Hill series in industrial engineering and management science | |
| 500 | _aDistributer: Al-Ahram | ||
| 504 | _aIncludes bibliographies and index. | ||
| 511 | _acatalogued by: wessam | ||
| 650 | 0 |
_aInventory control _xMathematical models. |
|
| 942 |
_cBB _k658.787LOV |
||
| 999 |
_c9066 _d9066 |
||